[Event "Russian Higher League 2021"]
[Site "?"]
[Date "2021.06.29"]
[Round "4.9"]
[White "Smirnov, Anton"]
[Black "Lysyj, Igor"]
[Result "0-1"]
[WhiteElo "2154"]
[BlackElo "2605"]
[Annotator ""]
[Source ""]
[Remark ""]

1.d4 {[%clk 1:30:58]} Nf6 {[%clk 1:30:51]} 2.c4 {[%clk 1:31:23]}
e6 {[%clk 1:31:17]} 3.Nc3 {[%clk 1:31:49]} Bb4 {[%clk 1:31:43]}
4.e3 {[%clk 1:32:14]} O-O {[%clk 1:32:05]} 5.Bd3 {[%clk 1:32:40]}
Re8 {[%clk 1:32:30]} 6.Nge2 {[%clk 1:30:16]} d5 {[%clk 1:32:44]}
7.O-O {[%clk 1:29:55]} Bf8 {[%clk 1:32:52]} 8.cxd5 {[%clk 1:21:36]}
exd5 {[%clk 1:33:14]} 9.Qc2 {[%clk 1:21:55]} c6 {[%clk 1:31:55]}
10.Bd2 {[%clk 1:21:09]} Nbd7 {[%clk 1:30:20]} 11.Rab1 {[%clk 1:13:43]}
a5 {[%clk 1:29:27]} 12.a3 {[%clk 1:13:42]} Nb6 {[%clk 1:25:26]}
13.b4 {[%clk 1:07:13]} axb4 {[%clk 1:15:19]} 14.axb4 {[%clk 1:07:42]}
Nc4 {[%clk 1:15:30]} 15.Bxc4 {[%clk 1:07:34]} dxc4 {[%clk 1:15:55]}
16.b5 {[%clk 1:06:32]} c5 {[%clk 1:10:53]} 17.dxc5 {[%clk 1:01:33]}
Bxc5 {[%clk 1:11:01]} 18.Ng3 {[%clk 0:48:23]} Be6 {[%clk 1:04:03]}
19.Rfd1 {[%clk 0:40:12]} Bf8 {[%clk 0:50:08]} 20.Nce2 {[%clk 0:36:39]}
Qd3 {[%clk 0:44:03]} 21.Qxd3 {[%clk 0:34:07]} cxd3 {[%clk 0:44:28]}
22.Nd4 {[%clk 0:28:43]} Ba2 {[%clk 0:42:17]} 23.Rbc1 {[%clk 0:18:36]}
Nd5 {[%clk 0:38:39]} 24.e4 {[%clk 0:15:27]} Ra4 {[%clk 0:26:15]}
25.Ndf5 {[%clk 0:13:37]} Nf6 {[%clk 0:26:28]} 26.f3 {[%clk 0:10:19]}
Bb3 {[%clk 0:25:31]} 27.Re1 {[%clk 0:09:41]} Bc4 {[%clk 0:24:23]}
28.Rb1 {[%clk 0:09:21]} Nd7 {[%clk 0:24:04]} 29.Ne3 {[%clk 0:08:44]}
Ba2 {[%clk 0:21:57]} 30.Rb2 {[%clk 0:08:09]} Bc5 {[%clk 0:20:40]}
31.Kh1 {[%clk 0:06:34]} Nb6 {[%clk 0:18:33]} 32.Ngf1 {[%clk 0:06:53]}
Rc8 {[%clk 0:14:56]} 33.Ra1 {[%clk 0:04:46]} Be6 {[%clk 0:14:54]}
34.Rc1 {[%clk 0:04:26]} Bd4 {[%clk 0:14:10]} 35.Rxc8+ {[%clk 0:04:48]}
Nxc8 {[%clk 0:14:35]} 36.Rb1 {[%clk 0:04:45]} Nd6 {[%clk 0:13:16]}
37.g4 {[%clk 0:03:11]} Ra1 {[%clk 0:07:54]} 38.Rxa1 {[%clk 0:03:17]}
Bxa1 {[%clk 0:08:21]} 39.b6 {[%clk 0:02:43]} Bd4 {[%clk 0:08:06]}
40.Ba5 {[%clk 0:32:53]} f6 {[%clk 0:37:53]} 41.Ng2 {[%clk 0:19:17]}
Nc4 {[%clk 0:36:31]} 42.Bb4 {[%clk 0:19:36]} Nxb6 {[%clk 0:34:47]}
43.Ne1 {[%clk 0:17:41]} Na4 {[%clk 0:32:47]} 44.Nd2 {[%clk 0:17:17]}
Nb2 {[%clk 0:33:08]} 45.Ng2 {[%clk 0:13:56]} g5 {[%clk 0:33:04]}
46.h4 {[%clk 0:13:50]} b5 {[%clk 0:31:35]} 47.hxg5 {[%clk 0:13:54]}
fxg5 {[%clk 0:32:01]} 48.Kh2 {[%clk 0:14:01]} Nc4 {[%clk 0:29:44]}
49.Nb3 {[%clk 0:12:46]} Bf2 {[%clk 0:28:38]} 50.Bc3 {[%clk 0:11:29]}
Kf7 {[%clk 0:28:36]} 51.Bb4 {[%clk 0:11:50]} h6 {[%clk 0:26:16]}
52.Bc3 {[%clk 0:12:09]} Na3 {[%clk 0:25:18]} 53.Nd2 {[%clk 0:10:40]}
Nc2 {[%clk 0:25:37]} 54.Bb2 {[%clk 0:09:31]} b4 {[%clk 0:25:24]}
55.Kh1 {[%clk 0:08:44]} Ne1 {[%clk 0:24:52]} 56.Kh2 {[%clk 0:08:30]}
Nxg2 {[%clk 0:23:51]} 57.Kxg2 {[%clk 0:08:58]} Be3 {[%clk 0:23:45]}
58.Nf1 {[%clk 0:09:01]} Bf4 {[%clk 0:24:05]} 59.Kf2 {[%clk 0:08:44]}
d2 {[%clk 0:24:30]} 0-1

[Event "Russian Higher League 2021"]
[Site "?"]
[Date "2021.06.29"]
[Round "4.10"]
[White "Goryachkina, Aleksandra"]
[Black "Triapishko, Alexandr"]
[Result "1-0"]
[WhiteElo "2596"]
[BlackElo "2510"]
[Annotator ""]
[Source ""]
[Remark ""]

1.d4 {[%clk 1:30:52]} Nf6 {[%clk 1:30:29]} 2.c4 {[%clk 1:31:13]}
e6 {[%clk 1:30:15]} 3.g3 {[%clk 1:31:30]} d5 {[%clk 1:29:17]}
4.Bg2 {[%clk 1:31:49]} dxc4 {[%clk 1:28:29]} 5.Nf3 {[%clk 1:32:10]}
Nc6 {[%clk 1:27:53]} 6.Qa4 {[%clk 1:30:14]} Nd7 {[%clk 1:27:18]}
7.Qxc4 {[%clk 1:28:26]} Nb6 {[%clk 1:23:08]} 8.Qb5 {[%clk 1:28:40]}
a6 {[%clk 1:21:41]} 9.Qd3 {[%clk 1:28:53]} e5 {[%clk 1:20:45]}
10.Nxe5 {[%clk 1:28:28]} Nb4 {[%clk 1:20:56]} 11.Qb3 {[%clk 1:25:59]}
Be6 {[%clk 1:20:34]} 12.Qd1 {[%clk 1:26:09]} Qxd4 {[%clk 1:20:34]}
13.Qxd4 {[%clk 1:26:02]} Nc2+ {[%clk 1:20:57]} 14.Kd1 {[%clk 1:26:24]}
Nxd4 {[%clk 1:21:20]} 15.Bxb7 {[%clk 1:26:32]} Rb8 {[%clk 1:20:49]}
16.Bxa6 {[%clk 1:18:01]} Bd6 {[%clk 1:20:36]} 17.Nd3 {[%clk 1:15:30]}
O-O {[%clk 1:19:18]} 18.Be3 {[%clk 1:13:18]} Nf5 {[%clk 0:59:02]}
19.Nc3 {[%clk 1:10:08]} Rfd8 {[%clk 0:45:33]} 20.Bg5 {[%clk 0:52:19]}
f6 {[%clk 0:37:58]} 21.Bd2 {[%clk 0:51:46]} Nd4 {[%clk 0:16:37]}
22.Be3 {[%clk 0:42:41]} Nf5 {[%clk 0:11:31]} 23.Kc1 {[%clk 0:40:01]}
Nxe3 {[%clk 0:04:13]} 24.fxe3 {[%clk 0:40:24]} c5 {[%clk 0:01:55]}
25.Rd1 {[%clk 0:33:23]} Bf7 {[%clk 0:01:18]} 26.Nf4 {[%clk 0:26:53]}
g5 {[%clk 0:00:42]} 27.Nfd5 {[%clk 0:23:20]} Kg7 {[%clk 0:01:00]}
28.Nxb6 {[%clk 0:17:57]} Rxb6 {[%clk 0:01:26]} 29.Bb5 {[%clk 0:18:03]}
Rbb8 {[%clk 0:00:51]} 30.Ne4 {[%clk 0:09:04]} Be7 {[%clk 0:00:33]}
31.Rxd8 {[%clk 0:08:41]} Rxd8 {[%clk 0:00:56]} 32.Nd2 {[%clk 0:08:11]}
f5 {[%clk 0:00:42]} 33.a4 {[%clk 0:05:25]} Bf6 {[%clk 0:00:32]}
34.Ra3 {[%clk 0:04:06]} g4 {[%clk 0:00:57]} 35.Rd3 {[%clk 0:03:55]}
Rb8 {[%clk 0:01:12]} 36.b3 {[%clk 0:03:54]} h5 {[%clk 0:01:11]}
37.Bc4 {[%clk 0:02:56]} Bg6 {[%clk 0:01:04]} 38.Rd7+ {[%clk 0:03:13]}
Kh6 {[%clk 0:01:28]} 39.a5 {[%clk 0:03:06]} Be8 {[%clk 0:00:41]}
40.Rd6 {[%clk 0:33:08]} Kg7 {[%clk 0:30:47]} 41.a6 {[%clk 0:31:19]}
Ra8 {[%clk 0:22:31]} 42.Bd5 {[%clk 0:27:31]} Ra7 {[%clk 0:22:22]}
43.Nc4 {[%clk 0:27:22]} Bb5 {[%clk 0:19:35]} 44.Bb7 {[%clk 0:27:03]}
Be7 {[%clk 0:18:29]} 45.Re6 {[%clk 0:25:17]} Bd8 {[%clk 0:16:30]}
46.Nd6 {[%clk 0:21:51]} Bd7 {[%clk 0:16:17]} 47.Nxf5+ {[%clk 0:21:15]}
Kf7 {[%clk 0:16:27]} 48.Rd6 {[%clk 0:20:34]} 1-0

[Event "Russian Higher League 2021"]
[Site "?"]
[Date "2021.06.29"]
[Round "4.11"]
[White "Demchenko, Anton"]
[Black "Shuvalova, Polina"]
[Result "1-0"]
[WhiteElo "2600"]
[BlackElo "2489"]
[Annotator ""]
[Source ""]
[Remark ""]

1.e4 {[%clk 1:30:53]} c5 {[%clk 1:30:49]} 2.Nf3 {[%clk 1:29:59]}
d6 {[%clk 1:31:15]} 3.d4 {[%clk 1:29:25]} cxd4 {[%clk 1:31:41]}
4.Nxd4 {[%clk 1:29:47]} Nf6 {[%clk 1:32:03]} 5.Nc3 {[%clk 1:30:10]}
a6 {[%clk 1:32:27]} 6.h3 {[%clk 1:27:51]} e5 {[%clk 1:31:50]}
7.Nde2 {[%clk 1:26:26]} b5 {[%clk 1:30:18]} 8.Ng3 {[%clk 1:22:26]}
b4 {[%clk 1:18:00]} 9.Nd5 {[%clk 1:21:51]} Nxd5 {[%clk 1:17:48]}
10.Qxd5 {[%clk 1:22:10]} Ra7 {[%clk 1:18:10]} 11.Bc4 {[%clk 1:15:31]}
Rc7 {[%clk 1:07:27]} 12.Qd3 {[%clk 1:13:44]} Nd7 {[%clk 1:02:54]}
13.Bxa6 {[%clk 1:08:48]} Bxa6 {[%clk 0:58:29]} 14.Qxa6 {[%clk 1:09:12]}
Rxc2 {[%clk 0:58:53]} 15.O-O {[%clk 1:06:56]} g6 {[%clk 0:48:11]}
16.Qa4 {[%clk 1:02:38]} Qc7 {[%clk 0:43:54]} 17.Be3 {[%clk 0:59:28]}
Be7 {[%clk 0:37:33]} 18.Rfc1 {[%clk 0:57:39]} Rxc1+ {[%clk 0:37:23]}
19.Rxc1 {[%clk 0:58:03]} Qb7 {[%clk 0:37:43]} 20.Rc6 {[%clk 0:46:04]}
O-O {[%clk 0:36:33]} 21.Ra6 {[%clk 0:46:22]} Qc8 {[%clk 0:30:44]}
22.Ra7 {[%clk 0:46:32]} Rd8 {[%clk 0:31:04]} 23.Qxb4 {[%clk 0:45:56]}
Kf8 {[%clk 0:28:56]} 24.Qb5 {[%clk 0:43:31]} Bh4 {[%clk 0:24:51]}
25.Ne2 {[%clk 0:41:53]} f5 {[%clk 0:22:51]} 26.Bh6+ {[%clk 0:36:29]}
Ke7 {[%clk 0:20:04]} 27.g3 {[%clk 0:34:42]} Bf6 {[%clk 0:19:04]}
28.Nc3 {[%clk 0:34:35]} fxe4 {[%clk 0:17:30]} 29.Nd5+ {[%clk 0:34:35]}
Ke6 {[%clk 0:17:52]} 30.Qb3 {[%clk 0:33:33]} 1-0

[Event "Russian Higher League 2021"]
[Site "?"]
[Date "2021.06.29"]
[Round "4.12"]
[White "Rakhmanov, Aleksandr"]
[Black "Belyakov, Bogdan"]
[Result "1-0"]
[WhiteElo "2651"]
[BlackElo "2465"]
[Annotator ""]
[Source ""]
[Remark ""]

1.d4 {[%clk 1:30:43]} Nf6 {[%clk 1:30:43]} 2.c4 {[%clk 1:30:16]}
g6 {[%clk 1:31:06]} 3.Nc3 {[%clk 1:30:35]} Bg7 {[%clk 1:31:29]}
4.e4 {[%clk 1:30:54]} d6 {[%clk 1:31:35]} 5.h3 {[%clk 1:30:50]}
O-O {[%clk 1:29:02]} 6.Be3 {[%clk 1:30:26]} c5 {[%clk 1:27:43]}
7.Nf3 {[%clk 1:30:17]} cxd4 {[%clk 1:28:07]} 8.Nxd4 {[%clk 1:30:35]}
a6 {[%clk 1:28:34]} 9.Qd2 {[%clk 1:25:00]} Bd7 {[%clk 1:24:28]}
10.Be2 {[%clk 1:24:23]} Nc6 {[%clk 1:22:01]} 11.O-O {[%clk 1:23:30]}
Nxd4 {[%clk 1:17:23]} 12.Bxd4 {[%clk 1:23:50]} b5 {[%clk 1:13:39]}
13.cxb5 {[%clk 1:15:22]} axb5 {[%clk 1:13:53]} 14.a3 {[%clk 1:09:18]}
Bc6 {[%clk 1:01:18]} 15.f3 {[%clk 1:08:47]} Qb8 {[%clk 1:00:12]}
16.Na2 {[%clk 1:06:48]} e5 {[%clk 0:41:08]} 17.Bf2 {[%clk 1:01:19]}
d5 {[%clk 0:35:20]} 18.Nb4 {[%clk 1:01:10]} Bb7 {[%clk 0:35:50]}
19.exd5 {[%clk 0:48:21]} Rd8 {[%clk 0:34:34]} 20.Bxb5 {[%clk 0:25:42]}
Nxd5 {[%clk 4:06:06]} 21.Rad1 {[%clk 0:25:38]} Nxb4 {[%clk 0:21:04]}
22.Qxb4 {[%clk 0:14:40]} Bd5 {[%clk 0:20:07]} 23.a4 {[%clk 0:11:54]}
Qb7 {[%clk 0:17:31]} 24.a5 e4 25.fxe4 {[%clk 0:08:18]} Bf8 {[%clk 0:17:26]}
26.Qa4 {[%clk 0:07:56]} Bxe4 {[%clk 0:17:50]} 27.a6 {[%clk 0:07:42]}
Qe7 {[%clk 0:18:13]} 28.Rxd8 {[%clk 0:04:33]} Rxd8 {[%clk 0:15:30]}
29.Re1 {[%clk 0:05:00]} f5 {[%clk 0:15:39]} 30.Bc6 {[%clk 0:05:10]}
Qb4 {[%clk 0:13:37]} 31.Qxb4 {[%clk 0:02:55]} Bxb4 {[%clk 0:14:00]}
32.Rxe4 {[%clk 0:02:16]} fxe4 {[%clk 0:14:23]} 33.a7 {[%clk 0:02:31]}
Bd2 {[%clk 0:14:44]} 34.Bxe4 {[%clk 0:02:48]} 1-0

[Event "Russian Higher League 2021"]
[Site "?"]
[Date "2021.06.29"]
[Round "4.13"]
[White "Nesterov, Arseniy"]
[Black "Kokarev, Dmitry"]
[Result "1-0"]
[WhiteElo "2479"]
[BlackElo "2618"]
[Annotator ""]
[Source ""]
[Remark ""]

1.d4 {[%clk 1:28:35]} Nf6 {[%clk 1:30:45]} 2.c4 {[%clk 1:29:00]}
g6 {[%clk 1:31:05]} 3.Nc3 {[%clk 1:29:13]} Bg7 {[%clk 1:31:27]}
4.e4 {[%clk 1:29:38]} d6 {[%clk 1:31:52]} 5.Be2 {[%clk 1:30:04]}
O-O {[%clk 1:32:12]} 6.Be3 {[%clk 1:30:29]} c5 {[%clk 1:32:32]}
7.d5 {[%clk 1:30:46]} e6 {[%clk 1:32:54]} 8.Nf3 {[%clk 1:31:11]}
exd5 {[%clk 1:33:15]} 9.cxd5 {[%clk 1:31:36]} Bg4 {[%clk 1:33:33]}
10.Nd2 {[%clk 1:31:47]} Bxe2 {[%clk 1:33:53]} 11.Qxe2 {[%clk 1:32:14]}
Re8 {[%clk 1:34:02]} 12.O-O {[%clk 1:32:03]} Na6 {[%clk 1:34:21]}
13.Rfe1 {[%clk 1:20:29]} Nc7 {[%clk 1:33:07]} 14.a4 {[%clk 1:20:18]}
a6 {[%clk 1:32:27]} 15.a5 {[%clk 1:12:18]} Rb8 {[%clk 1:32:29]}
16.h3 {[%clk 1:05:05]} Nd7 {[%clk 1:05:11]} 17.Bf4 {[%clk 0:56:20]}
Ne5 {[%clk 1:03:32]} 18.Bh2 {[%clk 0:53:20]} f5 {[%clk 1:03:25]}
19.exf5 {[%clk 0:49:39]} gxf5 {[%clk 1:03:04]} 20.Nc4 {[%clk 0:39:37]}
Nxc4 {[%clk 0:37:56]} 21.Qxc4 {[%clk 0:40:03]} Qf6 {[%clk 0:32:32]}
22.Qa4 {[%clk 0:32:44]} Bf8 {[%clk 0:26:52]} 23.Qb3 {[%clk 0:23:20]}
Qf7 {[%clk 0:25:27]} 24.Bf4 {[%clk 0:22:43]} Qd7 {[%clk 0:16:09]}
25.Na4 {[%clk 0:17:29]} Rxe1+ {[%clk 0:16:24]} 26.Rxe1 {[%clk 0:17:57]}
Re8 {[%clk 0:16:41]} 27.Rxe8 {[%clk 0:17:41]} Nxe8 {[%clk 0:14:59]}
28.Nb6 {[%clk 0:17:35]} Qe7 {[%clk 0:13:05]} 29.Qg3+ {[%clk 0:17:16]}
Kf7 {[%clk 0:12:22]} 30.Qf3 {[%clk 0:14:02]} Qf6 {[%clk 0:08:48]}
31.Nd7 {[%clk 0:12:20]} Qh4 {[%clk 0:03:51]} 32.Bg3 {[%clk 0:09:37]}
Qg5 {[%clk 0:04:05]} 33.Bf4 {[%clk 0:08:40]} Qh4 {[%clk 0:04:28]}
34.g3 {[%clk 0:07:39]} Qxh3 {[%clk 0:03:56]} 35.Qe2 {[%clk 0:07:04]}
Ng7 {[%clk 0:04:17]} 36.Nxf8 {[%clk 0:07:27]} Kxf8 {[%clk 0:04:42]}
37.Bxd6+ {[%clk 0:07:50]} Kg8 {[%clk 0:04:50]} 38.Qe7 {[%clk 0:07:17]}
Nh5 {[%clk 0:04:39]} 1-0

[Event "Russian Higher League 2021"]
[Site "?"]
[Date "2021.06.29"]
[Round "4.14"]
[White "Makarian, Rudik"]
[Black "Romanov, Evgeny"]
[Result "0-1"]
[WhiteElo "2460"]
[BlackElo "2599"]
[Annotator ""]
[Source ""]
[Remark ""]

1.d4 {[%clk 1:30:57]} Nf6 {[%clk 1:28:51]} 2.c4 {[%clk 1:31:24]}
e6 {[%clk 1:29:14]} 3.Nf3 {[%clk 1:31:52]} b6 {[%clk 1:29:35]}
4.a3 {[%clk 1:32:19]} Bb7 {[%clk 1:26:49]} 5.Nc3 {[%clk 1:32:21]}
g6 {[%clk 1:25:13]} 6.Qc2 {[%clk 1:32:42]} Bxf3 {[%clk 1:24:44]}
7.exf3 {[%clk 1:32:39]} Bg7 {[%clk 1:25:04]} 8.Be3 {[%clk 1:31:29]}
c6 {[%clk 1:20:56]} 9.g4 {[%clk 1:18:24]} d5 {[%clk 1:13:11]}
10.g5 {[%clk 1:15:11]} Ng8 {[%clk 1:13:04]} 11.cxd5 {[%clk 1:12:41]}
exd5 {[%clk 1:13:04]} 12.f4 {[%clk 0:59:38]} Ne7 {[%clk 1:13:10]}
13.O-O-O {[%clk 1:00:04]} b5 {[%clk 0:59:09]} 14.h4 {[%clk 0:45:27]}
b4 {[%clk 0:57:14]} 15.axb4 {[%clk 0:45:11]} a5 {[%clk 0:57:26]}
16.b5 {[%clk 0:44:51]} a4 {[%clk 0:54:50]} 17.h5 {[%clk 0:44:01]}
O-O {[%clk 0:53:32]} 18.Bh3 {[%clk 0:39:48]} Qd6 {[%clk 0:45:53]}
19.f5 {[%clk 0:25:54]} Nxf5 {[%clk 0:42:49]} 20.Bxf5 {[%clk 0:26:15]}
gxf5 {[%clk 0:43:16]} 21.Qxf5 {[%clk 0:23:41]} a3 {[%clk 0:42:37]}
22.Kc2 {[%clk 0:22:40]} axb2 {[%clk 0:39:54]} 23.h6 {[%clk 0:14:20]}
Bh8 {[%clk 0:39:08]} 24.Bf4 {[%clk 0:14:46]} Qe6 {[%clk 0:35:19]}
25.Qxe6 {[%clk 0:14:29]} fxe6 {[%clk 0:32:31]} 26.Bd6 {[%clk 0:11:07]}
Rxf2+ {[%clk 0:25:38]} 27.Kb3 {[%clk 0:11:17]} cxb5 {[%clk 0:23:09]}
28.g6 {[%clk 0:11:08]} hxg6 {[%clk 0:21:06]} 29.h7+ {[%clk 0:11:23]}
Kf7 {[%clk 0:21:26]} 30.Rdf1 {[%clk 0:10:31]} Rf5 {[%clk 0:21:16]}
31.Nxb5 {[%clk 0:09:11]} Nc6 {[%clk 0:20:45]} 32.Bc5 {[%clk 0:09:27]}
Rb8 {[%clk 0:17:20]} 33.Ka4 {[%clk 0:09:56]} Ra8+ {[%clk 0:11:14]}
34.Kb3 {[%clk 0:10:19]} Rb8 {[%clk 0:11:34]} 35.Ka4 {[%clk 0:10:48]}
Rxf1 {[%clk 0:11:25]} 36.Rxf1+ {[%clk 0:11:17]} Kg7 {[%clk 0:11:47]}
37.Rb1 {[%clk 0:11:04]} Ra8+ {[%clk 0:07:29]} 38.Kb3 {[%clk 0:11:31]}
Rb8 {[%clk 0:04:09]} 39.Ka4 {[%clk 0:11:56]} Kxh7 {[%clk 0:04:30]}
40.Rxb2 {[%clk 0:42:23]} g5 {[%clk 0:34:36]} 41.Rg2 {[%clk 0:38:15]}
Kg6 {[%clk 0:33:57]} 42.Nc7 {[%clk 0:38:35]} Nxd4 {[%clk 0:31:30]}
43.Bxd4 {[%clk 0:37:14]} Bxd4 {[%clk 0:31:50]} 44.Nxe6 {[%clk 0:37:40]}
Be3 {[%clk 0:31:56]} 0-1

[Event "Russian Higher League 2021"]
[Site "?"]
[Date "2021.06.29"]
[Round "4.15"]
[White "Shimanov, Aleksandr"]
[Black "Faizrakhmanov, Ramil"]
[Result "1/2-1/2"]
[WhiteElo "2597"]
[BlackElo "2484"]
[Annotator ""]
[Source ""]
[Remark ""]

1.e4 {[%clk 1:30:43]} c6 {[%clk 1:30:40]} 2.d4 {[%clk 1:31:06]}
d5 {[%clk 1:31:00]} 3.e5 {[%clk 1:31:31]} Bf5 {[%clk 1:30:44]}
4.h4 {[%clk 1:31:53]} h5 {[%clk 1:30:54]} 5.Bg5 {[%clk 1:32:04]}
Qb6 {[%clk 1:30:10]} 6.Bd3 {[%clk 1:32:24]} Bxd3 {[%clk 1:29:07]}
7.Qxd3 {[%clk 1:32:07]} Qa6 {[%clk 1:28:48]} 8.Qb3 {[%clk 1:30:17]}
e6 {[%clk 1:26:50]} 9.Nd2 {[%clk 1:30:25]} Ne7 {[%clk 1:23:34]}
10.Ne2 {[%clk 1:14:39]} Nf5 {[%clk 1:18:12]} 11.c4 {[%clk 1:14:22]}
Nd7 {[%clk 1:12:22]} 12.Rc1 {[%clk 1:11:20]} Nb6 {[%clk 1:08:01]}
13.O-O {[%clk 1:07:49]} Nxc4 {[%clk 1:06:40]} 14.Nxc4 {[%clk 1:08:01]}
dxc4 {[%clk 1:07:04]} 15.Rxc4 {[%clk 1:08:08]} Qb6 {[%clk 1:05:25]}
16.Qf3 {[%clk 1:03:44]} Be7 {[%clk 1:02:11]} 17.Bxe7 {[%clk 0:51:15]}
Nxe7 {[%clk 1:02:27]} 18.Qa3 {[%clk 0:43:15]} Nf5 {[%clk 0:59:05]}
19.Ng3 {[%clk 0:25:34]} Nxg3 {[%clk 0:54:54]} 20.fxg3 {[%clk 0:23:36]}
Qd8 {[%clk 0:50:46]} 21.Rf4 {[%clk 0:23:09]} Qe7 {[%clk 0:45:35]}
22.Qf3 {[%clk 0:22:32]} Rd8 {[%clk 0:41:50]} 23.Kh2 {[%clk 0:21:57]}
Kf8 24.Rc2 {[%clk 0:20:49]} Kg8 {[%clk 0:32:15]} 25.Rf2 {[%clk 0:16:14]}
Rf8 {[%clk 0:31:06]} 26.Qe3 {[%clk 0:14:18]} a6 {[%clk 0:29:23]}
27.a3 {[%clk 0:14:18]} Rh6 {[%clk 0:29:23]} 28.Qe2 {[%clk 0:12:03]}
Qd8 {[%clk 0:25:28]} 29.b4 {[%clk 0:10:57]} Qe7 {[%clk 0:24:09]}
30.Kg1 {[%clk 0:09:05]} a5 {[%clk 0:20:20]} 31.Qd2 {[%clk 0:08:51]}
axb4 32.axb4 {[%clk 0:07:19]} Rg6 {[%clk 0:18:35]} 33.Kh2 {[%clk 0:07:24]}
Rh6 {[%clk 0:15:00]} 34.R2f3 {[%clk 0:06:25]} Rg6 {[%clk 0:12:51]}
35.Rf1 {[%clk 0:04:21]} f5 {[%clk 0:09:31]} 36.exf6 {[%clk 0:03:47]}
Rgxf6 {[%clk 0:09:51]} 37.Rxf6 {[%clk 0:03:48]} Rxf6 {[%clk 0:10:15]}
38.Qg5 {[%clk 0:03:53]} Qf7 {[%clk 0:10:12]} 39.Re1 {[%clk 0:02:03]}
Kh7 {[%clk 0:09:32]} 40.Qe5 {[%clk 0:30:53]} Rf5 {[%clk 0:37:09]}
41.Qe4 {[%clk 0:29:22]} Qg6 {[%clk 0:34:55]} 42.Qd3 {[%clk 0:26:23]}
Rb5 {[%clk 0:28:24]} 43.Qc4 {[%clk 0:26:06]} Rd5 {[%clk 0:28:15]}
44.Re3 {[%clk 0:25:15]} Qf6 {[%clk 0:26:29]} 45.Re4 {[%clk 0:24:19]}
e5 {[%clk 0:24:42]} 46.dxe5 {[%clk 0:24:12]} Rxe5 {[%clk 0:24:48]}
47.Rf4 {[%clk 0:24:30]} Qe6 {[%clk 0:23:39]} 48.Qd3+ {[%clk 0:24:13]}
Qg6 {[%clk 0:23:51]} 49.Qd7 {[%clk 0:23:54]} Re3 {[%clk 0:20:53]}
50.g4 {[%clk 0:20:12]} Rd3 {[%clk 0:19:22]} 51.Qc8 {[%clk 0:18:57]}
hxg4 {[%clk 0:17:58]} 52.Qxg4 {[%clk 0:17:38]} Qxg4 {[%clk 0:16:46]}
53.Rxg4 {[%clk 0:18:03]} b5 {[%clk 0:17:01]} 1/2-1/2

[Event "Russian Higher League 2021"]
[Site "?"]
[Date "2021.06.29"]
[Round "4.16"]
[White "Obgolts, Erik"]
[Black "Yuffa, Daniil"]
[Result "1/2-1/2"]
[WhiteElo "2425"]
[BlackElo "2578"]
[Annotator ""]
[Source ""]
[Remark ""]

1.e4 {[%clk 1:30:57]} e5 {[%clk 1:30:54]} 2.Nf3 {[%clk 1:31:21]}
Nc6 {[%clk 1:31:21]} 3.Bb5 {[%clk 1:31:12]} a6 {[%clk 1:31:47]}
4.Ba4 {[%clk 1:31:39]} d6 {[%clk 1:32:11]} 5.d4 {[%clk 1:19:25]}
Bd7 {[%clk 1:26:36]} 6.d5 {[%clk 1:16:09]} Nce7 {[%clk 1:25:21]}
7.Bxd7+ {[%clk 1:16:22]} Qxd7 {[%clk 1:25:48]} 8.O-O {[%clk 1:16:13]}
Nf6 {[%clk 1:25:47]} 9.Re1 {[%clk 1:15:42]} Ng6 {[%clk 1:26:09]}
10.c4 {[%clk 1:14:23]} Be7 {[%clk 1:26:32]} 11.Nc3 {[%clk 1:12:51]}
O-O {[%clk 1:26:57]} 12.Bg5 {[%clk 1:06:33]} h6 {[%clk 1:22:23]}
13.Bxf6 {[%clk 1:06:18]} Bxf6 {[%clk 1:22:50]} 14.Ne2 {[%clk 1:06:04]}
Bd8 {[%clk 1:16:17]} 15.Qd3 {[%clk 1:04:34]} Rc8 {[%clk 1:09:37]}
16.Rac1 {[%clk 1:04:11]} c6 {[%clk 1:07:41]} 17.Red1 {[%clk 0:53:50]}
Bb6 {[%clk 1:07:46]} 18.dxc6 {[%clk 0:47:53]} Rxc6 {[%clk 1:07:04]}
19.Nd2 {[%clk 0:47:16]} Rfc8 {[%clk 0:57:43]} 20.b3 {[%clk 0:45:41]}
Ba7 {[%clk 0:54:25]} 21.g3 {[%clk 0:43:30]} Qg4 {[%clk 0:48:01]}
22.Qf3 {[%clk 0:42:37]} Qg5 {[%clk 0:46:01]} 23.Qf5 {[%clk 0:36:29]}
Qd8 {[%clk 0:46:06]} 24.Nc3 {[%clk 0:33:45]} Ne7 {[%clk 0:45:19]}
25.Qg4 {[%clk 0:33:24]} b5 {[%clk 0:44:47]} 26.Kg2 {[%clk 0:29:56]}
Qb6 {[%clk 0:39:22]} 27.Qe2 {[%clk 0:29:17]} R6c7 {[%clk 0:29:47]}
28.a4 {[%clk 0:19:21]} b4 {[%clk 0:29:19]} 29.Ncb1 {[%clk 0:16:13]}
Qb7 {[%clk 0:28:41]} 30.Nf3 {[%clk 0:15:30]} Bc5 {[%clk 0:28:44]}
31.Nbd2 {[%clk 0:15:01]} Rf8 {[%clk 0:29:02]} 32.Rf1 {[%clk 0:13:23]}
Nc6 {[%clk 0:27:24]} 33.Qd3 {[%clk 0:13:05]} Na5 {[%clk 0:26:29]}
34.Rce1 {[%clk 0:12:12]} Qc6 {[%clk 0:25:04]} 35.Re2 {[%clk 0:10:35]}
Ba7 {[%clk 0:25:07]} 36.Ne1 {[%clk 0:10:14]} Nb7 {[%clk 0:24:09]}
37.Nc2 {[%clk 0:10:17]} a5 {[%clk 0:19:34]} 38.Qf3 {[%clk 0:09:28]}
Re7 {[%clk 0:16:30]} 39.h4 {[%clk 0:08:10]} Re6 {[%clk 0:14:58]}
40.h5 {[%clk 0:37:46]} Ree8 {[%clk 0:39:43]} 41.Qf5 {[%clk 0:31:24]}
Nc5 {[%clk 0:34:09]} 42.Rb1 {[%clk 0:24:13]} Ne6 {[%clk 0:19:48]}
43.Nf3 {[%clk 0:21:33]} Bb6 {[%clk 0:20:12]} 44.Ne3 {[%clk 0:19:01]}
Bxe3 {[%clk 0:18:56]} 45.Rxe3 {[%clk 0:19:13]} Nd4 {[%clk 0:15:31]}
46.Nxd4 {[%clk 0:15:06]} exd4 {[%clk 0:15:59]} 47.Re2 {[%clk 0:08:34]}
Re5 {[%clk 0:15:11]} 48.Qf3 {[%clk 0:09:01]} f5 {[%clk 0:15:14]}
49.exf5 {[%clk 0:09:00]} Qxf3+ {[%clk 0:15:19]} 50.Kxf3 {[%clk 0:09:27]}
Rfxf5+ {[%clk 0:11:14]} 51.Kg4 {[%clk 0:09:50]} Rg5+ {[%clk 0:07:33]}
52.Kf3 {[%clk 0:10:12]} Rgf5+ {[%clk 0:08:01]} 53.Kg4 {[%clk 0:10:33]}
Rxe2 {[%clk 0:06:48]} 54.Kxf5 {[%clk 0:10:59]} Kf7 {[%clk 0:06:51]}
55.f4 {[%clk 0:10:32]} d3 {[%clk 0:07:16]} 56.Rd1 {[%clk 0:10:05]}
d2 {[%clk 0:07:07]} 57.g4 {[%clk 0:08:32]} Rg2 {[%clk 0:05:43]}
58.Ke4 {[%clk 0:07:53]} Ke6 {[%clk 0:01:40]} 59.Kf3 {[%clk 0:08:16]}
Rh2 {[%clk 0:02:03]} 60.Kg3 {[%clk 0:08:41]} Ke5 1/2-1/2